书目信息 |
| 题名: |
读写例话
|
|
| 作者: | 尚钊 著 | |
| 分册: | ||
| 出版信息: | 西安 西安地图出版社 2002 |
|
| 页数: | 267页 | |
| 开本: | 20cm | |
| 丛书名: | ||
| 单 册: | ||
| 中图分类: | H15 | |
| 科图分类: | ||
| 主题词: | 汉语--写作 , 汉语--修辞 | |
| 电子资源: | ||
| ISBN: | 7-80670-203-2 | |
| 000 | 00545nam0 2200205 450 | |
| 001 | 0634943530 | |
| 005 | 20061123153639.05 | |
| 010 | @a7-80670-203-2@dCNY 18.00 | |
| 100 | @a20061111d2002 km y0chiy0120 ea | |
| 101 | 0 | @achi |
| 102 | @aCN@b610000 | |
| 200 | 1 | @a读写例话@Adu xie li hua@f尚钊等著@Fshang zhao deng zhu |
| 210 | @a西安@c西安地图出版社@d2002 | |
| 215 | @a267页@d20cm | |
| 606 | 0 | @a汉语@x写作 |
| 606 | 0 | @a汉语@x修辞 |
| 690 | @aH15@v4 | |
| 701 | 0 | @a尚钊@Ashang zhao@4著 |
| 801 | @aCN@bHNTF@c20061123 | |
| 905 | @apdsgxy@dH15@eS312 | |
| 读写例话/尚钊等著.-西安:西安地图出版社,2002 |
| 267页;20cm |
| ISBN 7-80670-203-2:CNY 18.00 |
| ● |
| 相关链接 |
|
|
|
正题名:读写例话
索取号:H15/S312
 
预约/预借
| 序号 | 登录号 | 条形码 | 馆藏地/架位号 | 状态 | 备注 |
| 1 | 614121 | 206141218 | 语言库209/209语言库 74排1列1层/ [索取号:H15/S312] | 在馆 | |
| 2 | 614122 | 206141227 | 语言库209/209语言库 74排1列1层/ [索取号:H15/S312] | 在馆 | |
| 3 | 614123 | 206141236 | 语言库209/209语言库 74排1列1层/ [索取号:H15/S312] | 在馆 | |
| 4 | 614124 | 206141245 | 语言库209/209语言库 74排1列1层/ [索取号:H15/S312] | 在馆 |